[Event "Hastings Masters"]
[Site "Hastings"]
[Date "2007.01.01"]
[Round "5.32"]
[White "Dickson, George"]
[Black "Fraser, Joe"]
[Result "1/2-1/2"]
[WhiteElo "2171"]
[BlackElo "1983"]
[PlyCount "40"]
[EventDate "2006.12.28"]
[SourceDate "2006.12.28"]

1. e4 c5 2. c3 Nf6 3. e5 Nd5 4. d4 cxd4 5. Nf3 Nc6 6. Bc4 Nb6 7. Bb3 d6 8. exd6
Qxd6 9. O-O e6 10. Nxd4 Nxd4 11. cxd4 Be7 12. Nc3 Bd7 13. Be3 Bc6 14. Qe2 O-O
15. Rfd1 Rfd8 16. Qg4 Nd5 17. Bh6 g6 18. Nxd5 Bxd5 19. Bf4 Qd7 20. Qg3 Bf6
1/2-1/2

[Event "Hastings Masters"]
[Site "Hastings"]
[Date "2007.01.01"]
[Round "5.33"]
[White "Vrban, Damir"]
[Black "Parmar, Amisha"]
[Result "1/2-1/2"]
[WhiteElo "2130"]
[BlackElo "1981"]
[PlyCount "39"]
[EventDate "2006.12.28"]
[SourceDate "2006.12.28"]

1. e4 c5 2. Nf3 d6 3. Bc4 Nc6 4. c3 Nf6 5. d3 g6 6. Bb3 Bg7 7. O-O O-O 8. Re1
b5 9. a4 b4 10. d4 cxd4 11. Nxd4 Nxd4 12. cxd4 Bb7 13. f3 Rc8 14. Be3 a5 15.
Nd2 Nd7 16. Qe2 Nb8 17. Red1 Ba6 18. Qf2 Qc7 19. Nf1 Nd7 20. Rac1 1/2-1/2

[Event "Hastings Masters"]
[Site "Hastings"]
[Date "2007.01.01"]
[Round "5.34"]
[White "Almond, Richard"]
[Black "Rety, John"]
[Result "1/2-1/2"]
[WhiteElo "2124"]
[BlackElo "1965"]
[PlyCount "76"]
[EventDate "2006.12.28"]
[SourceDate "2006.12.28"]

1. d4 Nf6 2. c4 e6 3. Nc3 Bb4 4. Qc2 O-O 5. a3 Bxc3+ 6. Qxc3 b5 7. cxb5 c6 8.
e3 cxb5 9. Bxb5 Bb7 10. f3 Nc6 11. Ne2 Nd5 12. Qd3 Qh4+ 13. g3 Qh3 14. e4 Nde7
15. Nf4 Qh6 16. O-O g5 17. Ng2 Qg7 18. Be3 f5 19. g4 h6 20. Qd2 a6 21. Ba4 d5
22. e5 f4 23. Bf2 a5 24. Rfc1 Rfb8 25. Ne1 Ra6 26. Nd3 Rb6 27. Rc2 Kf7 28. Rac1
h5 29. Nc5 Bc8 30. Nxe6 Bxe6 31. Bxc6 hxg4 32. fxg4 Bxg4 33. Qxa5 Bf3 34. Bd7
Be4 35. Rc7 g4 36. Bh4 g3 37. hxg3 fxg3 38. Rf1+ Kg8 1/2-1/2

[Event "Hastings Masters"]
[Site "Hastings"]
[Date "2007.01.01"]
[Round "5.35"]
[White "Rice, Chris"]
[Black "Snowden, James"]
[Result "1-0"]
[WhiteElo "2110"]
[BlackElo "1903"]
[PlyCount "43"]
[EventDate "2006.12.28"]
[SourceDate "2006.12.28"]

1. c4 e5 2. g3 Nc6 3. Bg2 g6 4. Nc3 Bg7 5. e4 Nge7 6. Nge2 d6 7. d3 f5 8. O-O
O-O 9. Nd5 fxe4 10. dxe4 Nxd5 11. cxd5 Ne7 12. Bg5 h6 13. Be3 g5 14. Qd2 Ng6
15. f3 b6 16. Rac1 Ba6 17. Rc2 Rf7 18. Rfc1 Rc8 19. Kh1 Qd7 20. Ng1 Qd8 21. Bh3
Rd7 22. Qb4 1-0

[Event "Hastings Masters"]
[Site "Hastings"]
[Date "2007.01.01"]
[Round "5.36"]
[White "Humphreys, Jerry"]
[Black "Cohen, Ronnie"]
[Result "1/2-1/2"]
[WhiteElo "2106"]
[BlackElo "1841"]
[PlyCount "67"]
[EventDate "2006.12.28"]
[SourceDate "2006.12.28"]

1. e4 c6 2. d4 d5 3. Nc3 dxe4 4. Nxe4 Nd7 5. Ng5 Ngf6 6. Bd3 e6 7. N1f3 Bd6 8.
O-O h6 9. Ne4 Nxe4 10. Bxe4 Nf6 11. Bd3 Qc7 12. c4 b6 13. Qe2 O-O 14. Bd2 Bb7
15. h3 c5 16. dxc5 bxc5 17. Rfe1 Qc6 18. Bc3 Be7 19. Rad1 Rfe8 20. a3 a5 21. b3
Red8 22. Bc2 Rxd1 23. Qxd1 Kf8 24. Qd2 Bd8 25. Qe2 Nh5 26. Be4 Qxe4 27. Qxe4
Bxe4 28. Rxe4 Nf6 29. Re1 Rb8 30. Rb1 Ne4 31. Be1 f6 32. Kf1 Nd6 33. Rd1 Ke7
34. Rd3 1/2-1/2

[Event "Hastings Masters"]
[Site "Hastings"]
[Date "2007.01.01"]
[Round "5.37"]
[White "Foord, Dominic"]
[Black "Fryer, David"]
[Result "1-0"]
[WhiteElo "1894"]
[BlackElo "2101"]
[PlyCount "75"]
[EventDate "2006.12.28"]
[SourceDate "2006.12.28"]

1. d4 Nf6 2. Nf3 g6 3. Bf4 Bg7 4. Nc3 d6 5. Qd2 c6 6. e4 Bg4 7. h3 Bxf3 8. gxf3
h5 9. h4 Nfd7 10. O-O-O Nb6 11. Qe1 e6 12. Kb1 O-O 13. Bg5 Qc7 14. Qe3 Kh7 15.
Bd3 N8d7 16. Rhg1 Rae8 17. f4 Rg8 18. e5 d5 19. Qf3 Kh8 20. f5 exf5 21. Bxf5
Nf8 22. Bd3 Nh7 23. Ne2 Na4 24. Ka1 Rgf8 25. c3 b5 26. Nf4 Nxb2 27. Kxb2 b4 28.
Bc2 Qa5 29. Ka1 bxc3 30. Qd3 Rb8 31. Nxg6+ fxg6 32. Qxg6 Kg8 33. Qxh7+ Kf7 34.
Qg6+ Kg8 35. Bf6 Rf7 36. Bxg7 Qa3 37. Bf6+ Kf8 38. Qg8# 1-0

[Event "Hastings Masters"]
[Site "Hastings"]
[Date "2007.01.01"]
[Round "5.38"]
[White "Calvert, D Ian"]
[Black "Norinkeviciute, Rasa"]
[Result "1/2-1/2"]
[WhiteElo "2064"]
[BlackElo "2094"]
[PlyCount "51"]
[EventDate "2006.12.28"]
[SourceDate "2006.12.28"]

1. b3 d5 2. Bb2 Nf6 3. Nf3 Bf5 4. c4 c6 5. g3 e6 6. Bg2 Nbd7 7. O-O Bd6 8. d3
Qe7 9. Nbd2 O-O 10. a3 a5 11. Qc2 e5 12. e4 dxe4 13. dxe4 Bg6 14. Nh4 Qe6 15.
Nxg6 hxg6 16. Bc3 Qe7 17. b4 axb4 18. axb4 Bxb4 19. Bxb4 Qxb4 20. Rab1 Qd6 21.
Rxb7 Nc5 22. Rbb1 g5 23. h3 Rad8 24. Nb3 Nxb3 25. Qxb3 c5 26. Rfd1 1/2-1/2

[Event "Hastings Masters"]
[Site "Hastings"]
[Date "2007.01.01"]
[Round "5.39"]
[White "Chevannes, Sabrina"]
[Black "Thilaganathan, Jessica"]
[Result "1-0"]
[WhiteElo "2093"]
[BlackElo "1871"]
[PlyCount "77"]
[EventDate "2006.12.28"]
[SourceDate "2006.12.28"]

1. d4 d5 2. Nf3 e6 3. Bf4 Nf6 4. e3 Bd6 5. Bg5 Nbd7 6. Bd3 c5 7. c3 Qb6 8. Qc1
Qc7 9. Nbd2 e5 10. dxe5 Nxe5 11. Nxe5 Bxe5 12. Nf3 Bd7 13. Nxe5 Qxe5 14. Bf4
Qe7 15. h3 Nh5 16. Bh2 Bc6 17. Qc2 Nf6 18. Bf4 Nh5 19. Bh2 Nf6 20. O-O-O c4 21.
Be2 Ne4 22. Bf3 g6 23. Rd4 f5 24. g4 O-O-O 25. Qe2 Qh4 {(=)} 26. Bxe4 fxe4 27.
Bg3 Qe7 28. h4 h6 29. g5 hxg5 30. h5 gxh5 31. Rxh5 Rxh5 32. Qxh5 Qg7 33. Bh2
Rh8 34. Qg4+ Qd7 35. Qg3 Qh7 {(=)} 36. Qb8+ Kd7 37. Qd6+ Kc8 38. Be5 Qh1+ 39.
Rd1 1-0

[Event "Hastings Masters"]
[Site "Hastings"]
[Date "2007.01.01"]
[Round "5.40"]
[White "Webster, Richard J"]
[Black "Jain, Akash"]
[Result "1/2-1/2"]
[WhiteElo "1983"]
[BlackElo "2036"]
[PlyCount "69"]
[EventDate "2006.12.28"]
[SourceDate "2006.12.28"]

1. c4 e5 2. g3 Nf6 3. Bg2 d5 4. cxd5 Nxd5 5. Nf3 Nc6 6. O-O Be7 7. d4 e4 8. Ne5
f5 9. Nxc6 bxc6 10. e3 Ba6 11. Re1 O-O 12. Bd2 Kh8 13. a3 c5 14. dxc5 Bxc5 15.
Nc3 Bd3 16. Nxd5 Qxd5 17. Bc3 Be7 18. Rc1 c5 19. Qa4 c4 20. Red1 Bf6 21. Rd2 a5
22. Bf1 Bxc3 23. Rxc3 Rfc8 24. Bg2 Rab8 25. b3 Rxb3 26. Qxb3 cxb3 27. Rxc8+ Qg8
28. Rxg8+ Kxg8 29. Rb2 a4 30. Bf1 Kf7 31. Bxd3 exd3 32. Kf1 Ke6 33. Ke1 Kd5 34.
h4 Kc4 35. Kd2 1/2-1/2

[Event "Hastings Masters"]
[Site "Hastings"]
[Date "2007.01.01"]
[Round "5.41"]
[White "Haydon, David"]
[Black "Barron, David"]
[Result "1-0"]
[WhiteElo "2073"]
[BlackElo "1966"]
[PlyCount "61"]
[EventDate "2006.12.28"]
[SourceDate "2006.12.28"]

1. e4 c5 2. Nf3 Nc6 3. c3 d5 4. exd5 Qxd5 5. d4 e5 6. dxe5 Qxd1+ 7. Kxd1 Bg4 8.
Bb5 O-O-O+ 9. Ke2 Nxe5 10. h3 Bxf3+ 11. gxf3 a6 12. Ba4 b5 13. Bc2 g6 14. a4 b4
15. cxb4 cxb4 16. Be3 Bg7 17. Nd2 f5 18. Rhg1 Ne7 19. Rac1 Kb7 20. Nb3 Nc4 21.
Nc5+ Ka8 22. Nxa6 Bxb2 23. Be4+ fxe4 24. Rxc4 exf3+ 25. Kxf3 Rhf8+ 26. Kg2 Nd5
27. Bh6 Rd6 28. Bxf8 Rxa6 29. Rd1 Nb6 30. Rxb4 Ba3 31. Rxb6 1-0

[Event "Hastings Masters"]
[Site "Hastings"]
[Date "2007.01.01"]
[Round "5.42"]
[White "Hickman, John"]
[Black "O'Toole, George"]
[Result "0-1"]
[WhiteElo "2058"]
[BlackElo "1935"]
[PlyCount "116"]
[EventDate "2006.12.28"]
[SourceDate "2006.12.28"]

1. e4 e5 2. Nf3 Nc6 3. Bb5 a6 4. Ba4 Nf6 5. O-O Be7 6. Re1 b5 7. Bb3 O-O 8. h3
Bb7 9. d3 h6 10. a3 Re8 11. Nc3 Bf8 12. Ba2 d6 13. Bd2 Ne7 14. d4 exd4 15. Nxd4
c5 16. Nf3 Ng6 17. Nh2 Nxe4 18. Bxf7+ Kxf7 19. Nxe4 Rxe4 20. Qf3+ Qf6 21. Rxe4
Qxf3 22. gxf3 Bxe4 23. fxe4 Re8 24. Re1 Be7 25. Nf1 Nh4 26. Nh2 Bf6 27. c3 Ng6
28. f4 Nf8 29. Nf3 {(=)} Nd7 30. Bc1 c4 31. Nd4 Bxd4+ 32. cxd4 Nf6 33. e5 dxe5
34. fxe5 Nd5 35. Bd2 Ke6 36. Rf1 Ne7 37. Bc3 Rd8 38. Rf4 Nc6 39. Kf2 a5 40. Ke3
b4 41. axb4 axb4 42. Be1 Ne7 43. Ke4 Nd5 44. Rg4 g5 45. h4 Rf8 46. hxg5 hxg5
47. Bd2 Rf2 48. Bxg5 Re2+ 49. Kf3 Rxb2 50. Bc1 c3 51. Rg6+ Kf7 52. Rd6 Rc2 53.
Ba3 bxa3 54. Rxd5 a2 55. Ra5 Rb2 56. Ke3 c2 57. Kd2 c1=Q+ 58. Kxc1 Rb1+ 0-1

[Event "Hastings Masters"]
[Site "Hastings"]
[Date "2007.01.01"]
[Round "5.43"]
[White "Auckland, Elliott"]
[Black "Wilson, Alexandra"]
[Result "0-1"]
[WhiteElo "1850"]
[BlackElo "2056"]
[PlyCount "150"]
[EventDate "2006.12.28"]
[SourceDate "2006.12.28"]

1. d4 Nf6 2. c4 g6 3. Nc3 d5 4. cxd5 Nxd5 5. e4 Nxc3 6. bxc3 Bg7 7. Bc4 O-O 8.
Ne2 c5 9. O-O Nc6 10. Be3 Qa5 11. Rb1 a6 12. Qb3 b5 13. Bd5 Bb7 14. a4 e6 15.
Bxe6 fxe6 16. Qxe6+ Kh8 17. Qd7 {(=)} Nd8 18. axb5 Bxe4 19. Rb2 axb5 20. dxc5
Nc6 21. Nd4 Ne5 22. Qxb5 Qxb5 23. Nxb5 Nc4 24. Rb4 Nxe3 25. fxe3 Rxf1+ 26. Kxf1
Rf8+ 27. Ke2 Bxg2 28. Nd4 Bf1+ 29. Ke1 Bf6 30. c6 {(=)} Bh4+ 31. Kd1 Ba6 32. c7
Bc8 33. Rb8 Be7 34. Nb5 Bc5 35. Kd2 Kg7 36. Kd3 Kf6 37. Kc4 Bxe3 38. Nd6 Bf4
39. Rxc8 Rxc8 40. Nxc8 Bxc7 41. h3 {(=)} Kg5 42. Ne7 Kh4 43. Kd4 Kxh3 44. Ke4
g5 45. Nd5 Bb8 46. Nf6 h6 47. Kf5 Bf4 48. c4 Kh4 49. c5 h5 50. Ke4 Bb8 51. Kf3
g4+ 52. Kg2 Kg5 53. Nd5 h4 54. c6 h3+ 55. Kg1 g3 56. c7 Ba7+ 57. Kf1 g2+ 58.
Ke2 g1=Q 59. c8=Q Qg2+ 60. Ke1 Qe4+ 61. Kf1 Qf3+ 62. Ke1 Bf2+ 63. Kd2 Qxd5+ 64.
Ke2 h2 65. Qc1+ Kg4 66. Qc8+ Qf5 67. Qc4+ Kg3 68. Qc3+ Kg2 69. Qc6+ Kh3 70. Qb7
Bg3 71. Qc6 Qf2+ 72. Kd3 Qf1+ 73. Ke3 h1=Q 74. Qe6+ Kg2 75. Qd5+ Kg1 0-1

[Event "Hastings Masters"]
[Site "Hastings"]
[Date "2007.01.01"]
[Round "5.44"]
[White "Gibson, Christopher"]
[Black "Cumming, Rhys"]
[Result "1-0"]
[WhiteElo "2056"]
[BlackElo "1552"]
[PlyCount "41"]
[EventDate "2006.12.28"]
[SourceDate "2006.12.28"]

1. d4 d5 2. c4 e6 3. Nc3 Nf6 4. Bg5 Be7 5. Nf3 O-O 6. e3 Nbd7 7. Rc1 a6 8. c5
b6 9. c6 Nb8 10. Ne5 h6 11. h4 Qd6 12. Bd3 a5 13. a3 Ba6 14. Bxa6 Nxa6 15. Nd7
Bd8 16. Nb5 Qe7 17. Bxf6 gxf6 18. Nxf8 Qxf8 19. g4 Qg7 20. Kd2 Kh8 21. f4 1-0

[Event "Hastings Masters"]
[Site "Hastings"]
[Date "2007.01.01"]
[Round "5.45"]
[White "Kenyon, Scott"]
[Black "Spanton, Tim"]
[Result "1-0"]
[WhiteElo "1759"]
[BlackElo "2051"]
[PlyCount "71"]
[EventDate "2006.12.28"]
[SourceDate "2006.12.28"]

1. e4 c5 2. Nf3 g6 3. d4 cxd4 4. Nxd4 Nc6 5. c4 Nf6 6. Nc3 d6 7. Be2 Nxd4 8.
Qxd4 Bg7 9. f3 O-O 10. Qf2 Qb6 11. O-O Qxf2+ 12. Rxf2 Be6 13. Nd5 Nxd5 14. cxd5
Bd7 15. Be3 Rfc8 16. Bd3 a6 17. a4 h5 18. Bb6 Bh6 19. Kf1 Bf4 20. g3 Be5 21.
Kg2 Kg7 22. Re1 Bxa4 23. f4 Bf6 24. e5 dxe5 25. fxe5 Bg5 26. h4 Rc1 27. Re4
Bxh4 28. gxh4 Bd7 29. Ref4 Be8 30. d6 exd6 31. exd6 Rd1 32. d7 Rxd3 33. dxe8=Q
Rxe8 34. Rxf7+ Kg8 35. Ba5 Re2 36. Rf8+ 1-0

[Event "Hastings Masters"]
[Site "Hastings"]
[Date "2007.01.01"]
[Round "5.46"]
[White "Dennis, Nigel"]
[Black "Goldsworthy, Patrick"]
[Result "0-1"]
[WhiteElo "2020"]
[BlackElo "1936"]
[PlyCount "108"]
[EventDate "2006.12.28"]
[SourceDate "2006.12.28"]

1. e4 c5 2. Nf3 Nc6 3. d4 cxd4 4. Nxd4 e5 5. Nb5 d6 6. c4 Be7 7. N1c3 a6 8. Na3
Be6 9. Be2 Rc8 10. O-O Bg5 11. Bg4 Bxc1 12. Rxc1 Nf6 13. Bxe6 fxe6 14. Qb3 Rc7
15. Rfd1 Rd7 16. Nc2 O-O 17. Rd2 Nh5 18. Rcd1 Nf4 19. Ne2 Qg5 20. Nxf4 exf4 21.
f3 Rf6 22. Qb6 Rg6 23. Ne1 e5 24. Nc2 d5 25. Qf2 d4 26. b4 Rh6 27. a4 Rdd6 28.
g3 Rdg6 29. g4 Rh4 30. Kf1 Rgh6 31. b5 Na5 32. Nxd4 Rxh2 33. Qxh2 Rxh2 34. Rxh2
exd4 35. Rxd4 axb5 36. Rd5 Qf6 37. e5 Qc6 38. Rxb5 Qxc4+ 39. Re2 Qxa4 40. Reb2
Qc4+ 41. Kg2 Nc6 42. Rxb7 Nxe5 43. Ra7 h6 44. Rba2 Qc3 45. R7a3 Qe1 46. Rf2 Nc4
47. Raa2 Ne3+ 48. Kh2 Nf1+ 49. Kh3 Ng3 50. g5 Qe6+ 51. Kh2 hxg5 52. Rfb2 Qh6+
53. Kg1 Qh1+ 54. Kf2 Qf1# 0-1

[Event "Hastings Masters"]
[Site "Hastings"]
[Date "2007.01.01"]
[Round "5.47"]
[White "Messam-Sparks, Lateefah"]
[Black "Tucker, Andrew"]
[Result "0-1"]
[WhiteElo "1560"]
[BlackElo "1956"]
[PlyCount "62"]
[EventDate "2006.12.28"]
[SourceDate "2006.12.28"]

1. e4 c5 2. Nf3 Nc6 3. Bc4 e6 4. Nc3 Nf6 5. d3 d5 6. exd5 exd5 7. Bb5 d4 8.
Qe2+ Be7 9. Bxc6+ bxc6 10. Ne4 O-O 11. O-O Re8 12. Re1 Be6 13. Ne5 Bd5 14. Nf3
Qc7 15. Nxf6+ gxf6 16. Nh4 Qd7 17. Qh5 Bd6 18. Bh6 Kh8 19. Nf5 Rg8 20. g3 Rg6
21. Re2 Be6 22. Nxd6 Bg4 23. Qxc5 Bxe2 24. Re1 Bf3 25. Nf5 Bd5 26. Re7 Qxf5 27.
Rxa7 Rag8 28. Rxf7 Rxh6 29. Rf8 Qf3 30. Rxg8+ Kxg8 31. Qxd5+ Qxd5 0-1

[Event "Hastings Masters"]
[Site "Hastings"]
[Date "2007.01.01"]
[Round "5.48"]
[White "Macrae, James"]
[Black "Van de Laar, Michael"]
[Result "1-0"]
[WhiteElo "1759"]
[BlackElo "1088"]
[PlyCount "51"]
[EventDate "2006.12.28"]
[SourceDate "2006.12.28"]

1. d4 f5 2. Nf3 Nf6 3. e3 g6 4. Bd3 d6 5. Nbd2 Bg7 6. c3 c6 7. O-O O-O 8. Qb3+
d5 9. c4 e6 10. a4 a5 11. h3 Na6 12. Ne5 Nc7 13. Ndf3 Rb8 14. Bd2 b6 15. Nxc6
Qd6 16. Nxb8 Bb7 17. c5 Qd8 18. cxb6 Nce8 19. Na6 Nd6 20. Nc5 Ba8 21. Nxe6 Qe8
22. Nxf8 Qxf8 23. Bxa5 Kh8 24. Bb4 Qd8 25. Bxd6 Qxd6 26. b7 1-0

[Event "Hastings Masters"]
[Site "Hastings"]
[Date "2007.01.01"]
[Round "5.49"]
[White "Weidman, Mark"]
[Black "Reuben, Stewart"]
[Result "0-1"]
[WhiteElo "1232"]
[BlackElo "2146"]
[PlyCount "36"]
[EventDate "2006.12.28"]
[SourceDate "2006.12.28"]

1. d4 Nf6 2. c4 e6 3. Nc3 Bb4 4. Bg5 c5 5. e3 h6 6. Bh4 d6 7. Bd3 Nbd7 8. Nge2
e5 9. Qc2 Qe7 10. O-O O-O 11. f4 Bxc3 12. Qxc3 g5 13. fxg5 Ng4 14. Bh7+ Kh8 15.
Rf5 Nb6 16. Qd3 e4 17. g6 Qxh4 18. Rxf7 Rxf7 0-1

[Event "Hastings Masters"]
[Site "Hastings"]
[Date "2007.01.02"]
[Round "6.1"]
[White "Pavlovic, Milos"]
[Black "Gagunashvili, Merab"]
[Result "1/2-1/2"]
[WhiteElo "2507"]
[BlackElo "2611"]
[PlyCount "86"]
[EventDate "2006.12.28"]
[SourceDate "2006.12.28"]

1. Nf3 d5 2. d4 Nf6 3. c4 c6 4. e3 Bf5 5. Nc3 e6 6. Nh4 Be4 7. f3 Bg6 8. Qb3
Qb6 9. Nxg6 hxg6 10. Bd2 Nbd7 11. Qc2 Be7 12. O-O-O Rc8 13. Kb1 c5 14. cxd5
exd5 15. g4 cxd4 16. exd4 O-O 17. h4 Qxd4 18. h5 Qb6 19. hxg6 fxg6 20. g5 Nh5
21. Bh3 Rfd8 22. Rde1 Ba3 23. Re6 Rc6 24. Rxc6 Qxc6 25. Bxd7 Rxd7 26. bxa3 Rd6
27. Bc1 Qc5 28. Rd1 d4 29. Ne4 Rb6+ 30. Bb2 Qxa3 31. Rxd4 Qxf3 32. a4 Kh7 33.
Ka2 Qf7+ 34. Qc4 Qe7 35. Qc5 Qe6+ 36. Qd5 Qh3 37. Rd3 Qh2 38. Rd2 Qf4 39. Nf6+
gxf6 40. Qd7+ Kg8 41. Qe8+ Kh7 42. Qf7+ Ng7 43. gxf6 Rxb2+ 1/2-1/2

[Event "Hastings Masters"]
[Site "Hastings"]
[Date "2007.01.02"]
[Round "6.2"]
[White "Ikonnikov, Vyacheslav"]
[Black "Ansell, Simon"]
[Result "1/2-1/2"]
[WhiteElo "2588"]
[BlackElo "2394"]
[PlyCount "48"]
[EventDate "2006.12.28"]
[SourceDate "2006.12.28"]

1. d4 d5 2. Nf3 Nf6 3. c4 c6 4. Nc3 dxc4 5. a4 Bf5 6. Ne5 e6 7. f3 c5 8. e4
cxd4 9. exf5 Bb4 10. Bxc4 dxc3 11. Qxd8+ Kxd8 12. Ke2 cxb2 13. Bxb2 Ke7 14.
Rhb1 a5 15. fxe6 fxe6 16. Ba3 Na6 17. Bxa6 Rxa6 18. Bxb4+ axb4 19. Rxb4 b6 20.
Rc1 Nd5 21. Rg4 Rha8 22. Nc6+ Kf6 23. Nb4 Nxb4 24. Rxb4 Rxa4 1/2-1/2

[Event "Hastings Masters"]
[Site "Hastings"]
[Date "2007.01.02"]
[Round "6.3"]
[White "Greet, Andrew"]
[Black "Cherniaev, Alexander"]
[Result "0-1"]
[WhiteElo "2439"]
[BlackElo "2472"]
[PlyCount "144"]
[EventDate "2006.12.28"]
[SourceDate "2006.12.28"]

1. e4 c5 2. Nf3 Nc6 3. Bb5 e6 4. O-O Nge7 5. c3 d5 6. exd5 Qxd5 7. Qe2 Nf5 8.
Ne5 Bd7 9. Nxd7 Qxd7 10. Na3 g6 11. Nc4 Bg7 12. a4 O-O 13. d3 Qc7 14. Qe4 Nfe7
15. Be3 b6 16. a5 Nd5 17. Bd2 Rab8 18. Ra2 Nxa5 19. Nxa5 bxa5 20. Ba4 Be5 21.
g3 Bd6 22. Rfa1 Rfc8 23. Bc1 Qe7 24. Bd1 Bc7 25. h4 h5 26. Bf3 Qd7 27. Qe2 Ne7
28. Ra4 Nf5 29. Rc4 Qd6 30. Be4 Rd8 31. Bf4 Qb6 32. Bxc7 Qxc7 33. d4 Rb5 34.
Bxf5 exf5 35. Qe3 cxd4 36. Rxd4 Rxb2 37. Rxd8+ Qxd8 38. Qxa7 Qd2 39. Qd4 Qxd4
40. cxd4 Rb5 41. Rc1 a4 42. Rc8+ Kg7 43. Ra8 Rb4 44. d5 Kf6 45. Ra6+ Ke5 46. d6
Ke6 47. Kg2 f4 48. Kf3 fxg3 49. fxg3 Rb3+ 50. Kg2 a3 51. Kh3 Rc3 52. Kg2 f6 53.
d7+ Kxd7 54. Rxf6 Kc7 55. Rxg6 Rc6 56. Rg5 Ra6 57. Rc5+ Kd8 58. Rc1 a2 59. Ra1
Ra3 60. Kf2 Ke7 61. Kg2 Kf6 62. Rf1+ Kg6 63. Ra1 Kf5 64. Rf1+ Ke4 65. Ra1 Ra4
66. Kf2 Kf5 67. Kf3 Ra3+ 68. Kg2 Kg4 69. Kf2 Ra5 70. Kg2 Ra4 71. Kh2 Ra3 72.
Rf1 Rxg3 0-1

[Event "Hastings Masters"]
[Site "Hastings"]
[Date "2007.01.02"]
[Round "6.4"]
[White "Gofshtein, Zvulon"]
[Black "Williams, Simon K"]
[Result "1-0"]
[WhiteElo "2509"]
[BlackElo "2473"]
[PlyCount "75"]
[EventDate "2006.12.28"]
[SourceDate "2006.12.28"]

1. c4 f5 2. g3 Nf6 3. Bg2 e6 4. b3 Be7 5. Bb2 O-O 6. Nh3 d6 7. d4 Qe8 8. Nf4
Bd8 9. Nd3 Nbd7 10. Nd2 e5 11. e3 c6 12. Qc2 a5 13. a3 Rf7 14. dxe5 dxe5 15. c5
Bc7 16. O-O g5 17. f4 gxf4 18. gxf4 e4 19. Nf2 Nd5 20. Kh1 h6 21. Rg1 Kf8 22.
Bf1 Qe7 23. Bd4 Qh4 24. Nc4 N7f6 25. Rg3 Nxf4 26. exf4 Bxf4 27. Be5 Bxg3 28.
Bxg3 Qg5 29. Nh3 Qg7 30. Bd6+ Kg8 31. Be5 Qf8 32. Nd6 Re7 33. Bd4 Nd5 34. Bc4
Be6 35. Bxd5 Bxd5 36. Nf4 Kh7 37. Rg1 Rd8 38. h3 1-0

[Event "Hastings Masters"]
[Site "Hastings"]
[Date "2007.01.02"]
[Round "6.5"]
[White "Ledger, David"]
[Black "Hebden, Mark"]
[Result "1/2-1/2"]
[WhiteElo "2276"]
[BlackElo "2545"]
[PlyCount "102"]
[EventDate "2006.12.28"]
[SourceDate "2006.12.28"]

1. e4 e5 2. Bc4 Nf6 3. d3 Nc6 4. Nf3 Be7 5. c3 O-O 6. O-O d6 7. Bb3 Na5 8. Bc2
c5 9. Nbd2 Re8 10. a3 Nc6 11. b4 a6 12. Re1 Bf8 13. Nf1 h6 14. Ne3 d5 15. exd5
Nxd5 16. Nxd5 Qxd5 17. d4 cxd4 18. Nxd4 Nxd4 19. cxd4 e4 20. Bf4 Bf5 21. Ba4
Rec8 22. Be5 Rc3 23. Qd2 Rac8 24. Re3 Rd3 25. Rxd3 exd3 26. Rb1 Kh7 27. Qf4 Bg6
28. Bb3 Qd7 29. d5 f6 30. Bb2 Bd6 31. Qf3 Be5 32. Bxe5 fxe5 33. Qe3 Qc7 34. h4
Qc3 35. Bd1 d2 36. Qxc3 Rxc3 37. Rb2 Rd3 38. Kf1 Rxd5 39. Ke2 Bh5+ 40. f3 e4
41. Ke3 exf3 42. gxf3 Bf7 43. Rxd2 Rxd2 44. Kxd2 Kg6 45. f4 Kf5 46. Ke3 b6 47.
Be2 {(=)} a5 48. bxa5 bxa5 49. Bd1 Be8 50. Be2 Ba4 51. Bf3 Bb5 1/2-1/2

[Event "Hastings Masters"]
[Site "Hastings"]
[Date "2007.01.02"]
[Round "6.6"]
[White "Huss, Andreas"]
[Black "Neverov, Valeriy"]
[Result "1/2-1/2"]
[WhiteElo "2338"]
[BlackElo "2538"]
[PlyCount "52"]
[EventDate "2006.12.28"]
[SourceDate "2006.12.28"]

1. d4 Nf6 2. Nf3 g6 3. c4 Bg7 4. Nc3 d5 5. cxd5 Nxd5 6. e4 Nxc3 7. bxc3 O-O 8.
Be2 b6 9. O-O Bb7 10. Qd3 Nd7 11. e5 c5 12. Bf4 Rc8 13. Qe3 cxd4 14. cxd4 Nb8
15. Rfd1 Nc6 16. Rab1 Qd5 17. Bh6 Rfd8 18. Bxg7 Kxg7 19. a3 Na5 20. h4 h6 21.
Rbc1 Qe4 22. Qxe4 Bxe4 23. Rxc8 Rxc8 24. d5 Rd8 25. d6 exd6 26. exd6 Nb7 {
remaining moves illegible} 1/2-1/2

[Event "Hastings Masters"]
[Site "Hastings"]
[Date "2007.01.02"]
[Round "6.7"]
[White "Pert, Nicholas"]
[Black "Wallace, John Paul"]
[Result "1-0"]
[WhiteElo "2502"]
[BlackElo "2418"]
[PlyCount "63"]
[EventDate "2006.12.28"]
[SourceDate "2006.12.28"]

1. d4 Nf6 2. Nf3 e6 3. c4 b6 4. Nc3 Bb4 5. Bg5 h6 6. Bh4 Bb7 7. Nd2 c5 8. d5
Bxc3 9. bxc3 Qe7 10. f3 d6 11. e4 Nbd7 12. Be2 g5 13. Bf2 Nh5 14. g3 Ng7 15.
Qc2 O-O-O 16. O-O-O f5 17. exf5 exf5 18. Rhe1 Qf6 19. f4 Kc7 20. Bd3 Nf8 21.
Nf3 gxf4 22. gxf4 Ng6 23. Be3 Nh5 24. Bxf5 Nhxf4 25. Rf1 Rdf8 26. Be4 Bc8 27.
Rde1 Bh3 28. Rg1 Rhg8 29. Rg3 Bg2 30. Kb1 h5 31. Bxg6 Nxg6 32. Rxg2 1-0

[Event "Hastings Masters"]
[Site "Hastings"]
[Date "2007.01.02"]
[Round "6.8"]
[White "Lalic, Bogdan"]
[Black "Houska, Jovanka"]
[Result "1-0"]
[WhiteElo "2491"]
[BlackElo "2364"]
[PlyCount "57"]
[EventDate "2006.12.28"]
[SourceDate "2006.12.28"]

1. e4 c6 2. d4 d5 3. Nc3 dxe4 4. Nxe4 Bf5 5. Ng3 Bg6 6. N1e2 e6 7. Nf4 Bd6 8.
Nxg6 hxg6 9. Ne4 Nf6 10. Nxf6+ gxf6 11. c3 Nd7 12. g3 Qc7 13. Bg2 O-O-O 14. O-O
f5 15. c4 e5 16. c5 Be7 17. b4 Nf6 18. Qb3 Rh7 19. dxe5 Nd5 20. b5 Rdh8 21.
bxc6 bxc6 22. Bxd5 cxd5 23. Qxd5 Rxh2 24. Be3 f6 25. Rfd1 Rh1+ 26. Kg2 R8h2+
27. Kf3 Rxd1 28. Rxd1 Qb7 29. Qxb7+ 1-0

[Event "Hastings Masters"]
[Site "Hastings"]
[Date "2007.01.02"]
[Round "6.9"]
[White "Britton, Richard"]
[Black "Hendriks, Willy"]
[Result "0-1"]
[WhiteElo "2261"]
[BlackElo "2439"]
[PlyCount "56"]
[EventDate "2006.12.28"]
[SourceDate "2006.12.28"]

1. e4 d6 2. d4 Nf6 3. Nc3 g6 4. Nf3 Bg7 5. Be3 c6 6. Qd2 Bg4 7. Be2 Nbd7 8. O-O
O-O 9. Bh6 e5 10. Bxg7 Kxg7 11. dxe5 dxe5 12. h3 Bxf3 13. Bxf3 Nc5 14. Rad1
Qxd2 15. Rxd2 b5 16. b4 Ne6 17. g3 a5 18. a3 axb4 19. axb4 Ra3 20. Rd3 Rd8 21.
Rfd1 Rd4 22. Nb1 Raxd3 23. Rxd3 Rxb4 24. Nd2 Rb2 25. c3 Rc2 26. Nf1 Ng5 27. Bg2
Ngxe4 28. Ne3 Nxc3 0-1

[Event "Hastings Masters"]
[Site "Hastings"]
[Date "2007.01.02"]
[Round "6.10"]
[White "Haslinger, Stewart"]
[Black "Marusenko, Petr"]
[Result "1-0"]
[WhiteElo "2438"]
[BlackElo "2330"]
[PlyCount "75"]
[EventDate "2006.12.28"]
[SourceDate "2006.12.28"]

1. e4 c6 2. d4 d5 3. e5 c5 4. c4 cxd4 5. Qxd4 Nc6 6. Qxd5 Qxd5 7. cxd5 Nxe5 8.
Nc3 Bf5 9. Bb5+ Kd8 10. Be3 Nf6 11. f4 Ned7 12. Nf3 Ne8 13. Ne5 Nd6 14. g4 Nxe5
15. fxe5 Nxb5 16. gxf5 Nxc3 17. bxc3 g6 18. Rf1 Bg7 19. Bd4 Rf8 20. Rb1 b6 21.
Rb2 gxf5 22. Rg2 Bh8 23. Rxf5 Ke8 24. Kd2 Rd8 25. e6 Bxd4 26. exf7+ Kd7 27.
cxd4 e6 28. Re5 exd5 29. Rg7 h6 30. Rh7 Kc7 31. Ke3 Rd7 32. Rf5 b5 33. Kf4 Re7
34. Kg4 b4 35. Kh5 Re6 36. Rxh6 Kd6 37. Rxe6+ Kxe6 38. Kg6 1-0